[Event "Reykjavik op"]
[Site "Reykjavik"]
[Date "2024.03.19"]
[Round "7"]
[White "Pisan, Kai"]
[Black "Riisem, Oyvind"]
[Result "0-1"]
[WhiteElo "1897"]
[BlackElo "2234"]
[PlyCount "152"]
[EventDate "2024.03.15"]
[EventType "swiss"]
[EventRounds "9"]
[EventCountry "ISL"]
[SourceTitle "CB13_2024"]
[SourceDate "2024.03.27"]
[SourceVersion "1"]
[SourceVersionDate "2024.03.27"]
[SourceQuality "1"]

1. d4 c5 2. d5 d6 3. g3 e5 4. Bg2 Be7 5. e4 Bg5 6. Nd2 f5 7. h4 Bxd2+ 8. Bxd2 Nf6 9. exf5 Bxf5 10. Ne2 b5 11. 0-0 Nbd7 12. a4 bxa4 13. c4 Nb6 14. Ba5 Qd7 15. Bxb6 axb6 16. Nc3 0-0 17. Nb5 Ng4 18. Ra3 Nh6 19. Rxa4 Rxa4 20. Qxa4 Bd3 21. Rd1 e4 22. Rd2 Nf7 23. Nc3 Qxa4 24. Nxa4 Ne5 25. b3 Ra8 26. Rb2 Kf7 27. Nc3 Ra1+ 28. Kh2 Ng4+ 29. Kh3 Nf6 30. g4 Rc1 31. Nb5 Ke7 32. Ra2 Rb1 33. Na7 Rxb3 34. Nc6+ Kf8 35. Ra8+ Ne8 36. Kh2 Rb2 37. Kg3 Rd2 38. Nd8 Bxc4 39. Ne6+ Ke7 40. Bxe4 Nf6 41. Ra7+ Nd7 42. Nxg7 Bxd5 43. Bxh7 c4 44. h5 Kd8 45. g5 c3 46. h6 Nf8 47. Bf5 c2 48. Bxc2 Rxc2 49. f4 Rg2+ 50. Kh3 Rg1 51. Ra4 Kd7 52. Kh2 Rg2+ 53. Kh3 Rg1 54. Kh2 Rg2+ 55. Kh3 Ng6 56. Nf5 Bc6 57. Ra7+ Kd8 58. h7 Nxf4+ 59. Kh4 Ng6+ 60. Kh5 Nf4+ 61. Kh6 Rh2+ 62. Kg7 Nh5+ 63. Kg6 Be8+ 64. Rf7 Nf4+ 65. Kg7 Rxh7+ 66. Kxh7 Bxf7 67. Nxd6 Bg6+ 68. Kg7 Kd7 69. Nc4 b5 70. Ne5+ Ke7 71. Nc6+ Kd6 72. Nd4 b4 73. Kf6 Kd5 74. Nb3 Bc2 75. Nd2 Kd4 76. Nf3+ Kc3 0-1

[Event "NOR-chB"]
[Site "Stavanger"]
[Date "2017.07.01"]
[Round "1"]
[White "Riisem, Oyvind"]
[Black "Tunge, Christian"]
[Result "1-0"]
[WhiteElo "2208"]
[BlackElo "2049"]
[PlyCount "63"]
[EventDate "2017.07.01"]
[EventType "swiss"]
[EventRounds "9"]
[EventCountry "NOR"]
[SourceTitle "CBM 179 Extra"]
[Source "ChessBase"]
[SourceDate "2017.08.23"]
[SourceVersion "1"]
[SourceVersionDate "2017.08.23"]
[SourceQuality "1"]

1. d4 Nf6 2. c4 g6 3. Nc3 d5 4. Bg5 Ne4 5. Bh4 c5 6. cxd5 Nxc3 7. bxc3 Qxd5 8. Nf3 Bg7 9. e3 Nc6 10. Qa4 0-0 11. Bc4 Qh5 12. h3 Qf5 13. 0-0 e5 14. e4 Qxe4 15. Rfe1 Qf5 16. dxe5 Nxe5 17. Nxe5 Bxe5 18. g4 Qf3 19. Re3 Qf4 20. Bg3 Qxe3 21. fxe3 Bxg3 22. Rf1 Kg7 23. Bd5 Be5 24. Qc4 f5 25. Qxc5 Bf6 26. Qc7+ Kh8 27. e4 Bg7 28. gxf5 gxf5 29. e5 f4 30. e6 Re8 31. Qd6 a5 32. e7 1-0

[Event "NOR-chT 1516"]
[Site "Norway"]
[Date "2015.10.30"]
[Round "1.2"]
[White "Christiansen, Johan Sebastian"]
[Black "Riisem, Oyvind"]
[Result "1-0"]
[WhiteElo "2391"]
[BlackElo "2112"]
[PlyCount "83"]
[EventDate "2015.10.30"]
[EventType "team-tourn"]
[EventRounds "9"]
[EventCountry "NOR"]
[SourceTitle "CBM 169 Extra"]
[Source "ChessBase"]
[SourceDate "2015.12.18"]
[SourceVersion "1"]
[SourceVersionDate "2015.12.18"]
[SourceQuality "1"]
[WhiteTeam "Valerenga"]
[BlackTeam "Sotra"]
[WhiteTeamCountry "NOR"]
[BlackTeamCountry "NOR"]

1. c4 e5 2. g3 d5 3. cxd5 Qxd5 4. Nf3 Nc6 5. Nc3 Qa5 6. Bg2 Nf6 7. d3 e4 8. dxe4 Nxe4 9. 0-0 Nxc3 10. bxc3 Bd6 11. Qc2 Qf5 12. e4 Qh5 13. Nd4 0-0 14. Rb1 Nxd4 15. cxd4 c6 16. Qc3 Bc7 17. d5 Be5 18. Qc5 cxd5 19. exd5 b6 20. Qe3 Bd6 21. Ba3 Qg6 22. Be4 f5 23. Bxd6 Qxd6 24. Bg2 f4 25. Qb3 Bg4 26. Rfc1 f3 27. Rc6 Qe5 28. Bf1 Qh5 29. Rc4 Rad8 30. Qb4 Bf5 31. Rd1 Rf6 32. d6 Qg6 33. Rcd4 Bd7 34. Qc4+ Qf7 35. Qc7 Qf8 36. Qxa7 b5 37. Qc7 g5 38. Re1 Re6 39. Rxe6 Bxe6 40. d7 Bxa2 41. Bxb5 Qe7 42. Re4 1-0

[Event "NOR-chT West Nord 0910"]
[Site "Norway"]
[Date "2009.12.06"]
[Round "2"]
[White "Mohsen, Abdulla"]
[Black "Riisem, Oyvind"]
[Result "0-1"]
[WhiteElo "2100"]
[BlackElo "2014"]
[PlyCount "68"]
[EventDate "2009.11.08"]
[EventType "team-tourn"]
[EventRounds "5"]
[EventCountry "NOR"]
[SourceTitle "EXT 2012"]
[Source "ChessBase"]
[SourceDate "2011.11.24"]
[SourceVersion "1"]
[SourceVersionDate "2011.11.24"]
[SourceQuality "1"]

1. d4 d6 2. c4 e5 3. dxe5 dxe5 4. Qxd8+ Kxd8 5. Nc3 Be6 6. Nf3 f6 7. e4 c6 8. Be3 Nd7 9. 0-0-0 Kc7 10. Be2 h5 11. Nh4 Ne7 12. Nd5+ cxd5 13. cxd5 Nxd5 14. exd5 Bf7 15. f4 g6 16. fxe5 Nxe5 17. Rhf1 f5 18. Nxf5 gxf5 19. Rxf5 Kd6 20. Bf4 Bh6 21. Rf6+ Ke7 22. Rxh6 Rxh6 23. Bxh6 Rc8+ 24. Kb1 Bg6+ 25. Ka1 Rc2 26. Bb5 Rxg2 27. d6+ Kd8 28. h4 a6 29. Bf1 Rf2 30. b3 Kd7 31. Be3 Rf6 32. Bh3+ Bf5 33. Bg5 Rf7 34. Rf1 Bxh3 0-1

[Event "Hordaland-ch NGP A"]
[Site "Bergen"]
[Date "2009.05.10"]
[Round "5"]
[White "Nilsen, Joachim Birger"]
[Black "Riisem, Oyvind"]
[Result "0-1"]
[WhiteElo "2029"]
[BlackElo "1949"]
[PlyCount "114"]
[EventDate "2009.05.08"]
[EventType "swiss"]
[EventRounds "5"]
[EventCountry "NOR"]
[SourceTitle "EXT 2024"]
[Source "ChessBase"]
[SourceDate "2023.10.10"]
[SourceVersion "1"]
[SourceVersionDate "2023.10.10"]
[SourceQuality "1"]

1. Nf3 d5 2. d4 Nc6 3. c4 Bg4 4. Nc3 e5 5. cxd5 Bxf3 6. gxf3 exd4 7. dxc6 dxc3 8. Qa4 b5 9. Qb3 b4 10. Bh3 Nf6 11. Bg5 cxb2 12. Rd1 Bd6 13. Bd7+ Kf8 14. Qxb2 Qe7 15. 0-0 Qe5 16. Qxe5 Bxe5 17. f4 Bd6 18. Bxf6 gxf6 19. e3 Rg8+ 20. Kh1 Ke7 21. Rd4 a5 22. Re1 a4 23. Bf5 Ra5 24. e4 Rb8 25. Red1 Rc5 26. Rd5 Rxd5 27. exd5 Bxf4 28. Kg2 h6 29. Kf3 Bxh2 30. Ke4 b3 31. axb3 a3 32. f4 Rb4+ 33. Kd3 Bxf4 34. Kc3 Rb6 35. Bb1 Kd6 36. Kc4 Rb8 37. Rf1 Be5 38. Rg1 Rh8 39. Rg7 Ke7 40. b4 h5 41. Kb3 Ra8 42. Rh7 Kd6 43. Rxf7 Kxd5 44. Rh7 Ra7 45. Rxh5 Kxc6 46. Rh8 Kd5 47. Rd8+ Bd6 48. Rh8 Bxb4 49. Rh5+ Kd6 50. Kxb4 a2 51. Bxa2 Rxa2 52. Rf5 Ke6 53. Rc5 Kd7 54. Rf5 Ra6 55. Rh5 Rc6 56. Kb5 Rc1 57. Rf5 Ke6 0-1

[Event "Bergen Sommer op-A"]
[Site "Bergen"]
[Date "2005.08.03"]
[Round "4"]
[White "Anderl, Christoph"]
[Black "Riisem, Oyvind"]
[Result "0-1"]
[WhiteElo "1562"]
[BlackElo "1981"]
[PlyCount "46"]
[EventDate "2005.07.31"]
[EventType "swiss"]
[EventRounds "6"]
[EventCountry "NOR"]
[SourceTitle "EXT 2006"]
[Source "ChessBase"]
[SourceDate "2005.11.24"]
[SourceVersion "1"]
[SourceVersionDate "2005.11.24"]
[SourceQuality "1"]

1. d4 Nf6 2. Nf3 d6 3. Bf4 g6 4. Nbd2 Bg7 5. e3 0-0 6. h3 Nbd7 7. Be2 Qe8 8. c3 e5 9. dxe5 dxe5 10. Bh2 Qe7 11. Qa4 Ne8 12. Qh4 f6 13. Qc4+ Kh8 14. g4 Nb6 15. Qb3 Be6 16. Qc2 a5 17. g5 fxg5 18. Nxe5 Bf5 19. e4 Bxe5 20. Bxe5+ Qxe5 21. exf5 Qxf5 22. Ne4 Nd6 23. Bd3 Rae8 0-1

[Event "Norwegian op"]
[Site "Oslo"]
[Date "2005.03.25"]
[Round "7"]
[White "Ofstad, Per"]
[Black "Riisem, Oyvind"]
[Result "1-0"]
[WhiteElo "2202"]
[BlackElo "2069"]
[PlyCount "81"]
[EventDate "2005.03.19"]
[EventType "swiss"]
[EventRounds "9"]
[EventCountry "NOR"]
[SourceTitle "CBM 105 Extra"]
[Source "ChessBase"]
[SourceDate "2005.05.01"]
[SourceVersion "1"]
[SourceVersionDate "2005.05.01"]
[SourceQuality "1"]

1. Nf3 Nf6 2. c4 c6 3. d4 d5 4. e3 a6 5. Nbd2 b5 6. b3 Bf5 7. Be2 e6 8. 0-0 Nbd7 9. Bb2 bxc4 10. bxc4 Rb8 11. Bc3 c5 12. Qa4 Ne4 13. Ba5 Qc8 14. cxd5 exd5 15. Nxe4 dxe4 16. Ne5 Be7 17. dxc5 Qxc5 18. Nc6 Rb2 19. Rfc1 Qa3 20. Qxa3 Bxa3 21. Nd4 0-0 22. Rd1 Bg6 23. Bc3 Rb6 24. Nb3 Bf5 25. Nd4 Bg6 26. Ba5 Rb2 27. h4 Nf6 28. g4 h5 29. g5 Ng4 30. Bxg4 hxg4 31. Bc3 Rb6 32. Rab1 Rfb8 33. Rxb6 Rxb6 34. Kg2 Bh5 35. Nf5 Bg6 36. Rd8+ Kh7 37. Bd4 Rb4 38. Ng3 Rb5 39. h5 Bf5 40. h6 Be7 41. Re8 1-0

[Event "Bergen Sommer op"]
[Site "Bergen"]
[Date "2004.08.03"]
[Round "3"]
[White "Aagedal, Geir Ole"]
[Black "Riisem, Oyvind"]
[Result "0-1"]
[WhiteElo "1415"]
[BlackElo "1937"]
[PlyCount "54"]
[EventDate "2004.08.01"]
[EventType "swiss"]
[EventRounds "6"]
[EventCountry "NOR"]
[SourceTitle "CBM 101 Extra"]
[Source "ChessBase"]
[SourceDate "2004.09.01"]
[SourceVersion "2"]
[SourceVersionDate "2004.09.01"]
[SourceQuality "1"]

1. e4 c5 2. Nf3 Nc6 3. d4 cxd4 4. Nxd4 Nf6 5. Nc3 e5 6. Ndb5 d6 7. Bg5 a6 8. Na3 b5 9. Nd5 Qa5+ 10. c3 Nxe4 11. Be3 Rb8 12. Qf3 Nc5 13. Bxc5 dxc5 14. Nf6+ Ke7 15. Qxc6 Bb7 16. Qd7+ Kxf6 17. 0-0-0 g6 18. Rd6+ Kg7 19. h4 Bxd6 20. Qxd6 Rhe8 21. h5 Qd8 22. Qxc5 Qg5+ 23. Kc2 b4 24. h6+ Kg8 25. Nc4 Be4+ 26. Kb3 bxc3+ 27. Kxc3 Qc1# 0-1

[Event "Bergen Sommer op"]
[Site "Bergen"]
[Date "2004.08.01"]
[Round "1"]
[White "Riisem, Oyvind"]
[Black "Holder, Hovard"]
[Result "0-1"]
[WhiteElo "1937"]
[BlackElo "1957"]
[PlyCount "54"]
[EventDate "2004.08.01"]
[EventType "swiss"]
[EventRounds "6"]
[EventCountry "NOR"]
[SourceTitle "CBM 101 Extra"]
[Source "ChessBase"]
[SourceDate "2004.09.01"]
[SourceVersion "2"]
[SourceVersionDate "2004.09.01"]
[SourceQuality "1"]

1. d4 f5 2. g4 fxg4 3. e4 d5 4. Nc3 dxe4 5. Nxe4 Nf6 6. Bg2 Nc6 7. Be3 Nb4 8. h3 Bf5 9. a3 Bxe4 10. Bxe4 Nxe4 11. axb4 Qd5 12. Rh2 Qd6 13. Rg2 Qxb4+ 14. Kf1 Qb5+ 15. Ne2 gxh3 16. Rg4 Qf5 17. Ng3 Nxg3+ 18. Rxg3 a6 19. Rg5 Qf7 20. Qg4 g6 21. Raa5 Bh6 22. Rge5 Bxe3 23. Rxe3 0-0 24. Re2 Qf3 25. Qxf3 Rxf3 26. Rxe7 Raf8 27. Re2 Rg3 0-1